[Event "1. OEsterreichische Internet Schach Meisterschaft - Vorrunde 2"]
[Site "Online - Playchess.com"]
[Date ""]
[Round "3"]
[Board "24"]
[White "Mira, Helene"]
[Black "Mostbauer, Florian"]
[Result "0-1"]
[WhiteElo "2082"]
[BlackElo "2309"]
[PlyCount "90"]
[EventDate "2020.04.13"]
[EventRounds "9"]
[EventCountry "AUT"]

1. d4 d5 2. Nf3 Nf6 3. e3 Bg4 4. c4 c6 5. Nc3 e6 6. Be2 Nbd7 7. O-O Bd6 8. b3 O-O
9. Bb2 Qe7 10. Rc1 Rfe8 11. h3 Bh5 12. Nd2 Bxe2 13. Qxe2 Ba3 14. Nf3 Bxb2 15. Qxb2
h6 16. e4 Nxe4 17. Nxe4 dxe4 18. Nd2 f5 19. Rce1 Nf6 20. f3 exf3 21. Rxf3 Qd6 22.
Rfe3 Rad8 23. Nf3 Ne4 24. Rd3 Qf4 25. Ne5 c5 26. Rf1 Qxe5 27. dxe5 Rxd3 28. Qa3 Red8
29. Qxa7 Rg3 30. Rf3 Rg6 31. Qxb7 Rd1+ 32. Rf1 Rd2 33. g4 h5 34. Qe7 hxg4 35. h4
Kh7 36. Rb1 Nc3 37. Re1 Ne2+ 38. Kf2 Nd4+ 39. Ke3 Rxa2 40. Rh1 f4+ 41. Kd3 Nf5 42.
Qxc5 g3 43. h5 Rh6 44. Qf8 f3 45. Qf7 f2  0-1

[Event "1. OEsterreichische Internet Schach Meisterschaft - Vorrunde 2"]
[Site "Online - Playchess.com"]
[Date ""]
[Round "3"]
[Board "25"]
[White "Hessenberger, Andreas"]
[Black "Schein, Karl-Heinz"]
[Result "1-0"]
[WhiteElo "2019"]
[BlackElo "2187"]
[PlyCount "105"]
[EventDate "2020.04.13"]
[EventRounds "9"]
[EventCountry "AUT"]

1. e4 c5 2. c3 Nf6 3. e5 Nd5 4. d4 cxd4 5. cxd4 d6 6. f4 Nc6 7. Nf3 Bg4 8. Nc3 Nxc3
9. bxc3 dxe5 10. fxe5 e6 11. Bd3 Be7 12. O-O h6 13. Qe1 Qd7 14. Qg3 Bxf3 15. Qxf3
O-O-O 16. Bb5 f5 17. exf6 Bxf6 18. Bf4 Qd5 19. Bxc6 Qxc6 20. Qxc6+ bxc6 21. Rfe1
Rhe8 22. Rab1 e5 23. dxe5 Bg5 24. Bg3 Re6 25. Red1 Rd2 26. Rxd2 Bxd2 27. Rb3 Kc7
28. Kf1 c5 29. Ke2 Bg5 30. Kd3 Kc6 31. Rb8 h5 32. Rc8+ Kb6 33. h4 Bh6 34. Kc4 Be3
35. Rd8 Rg6 36. Rd6+ Rxd6 37. exd6 Kc6 38. Kd3 Bc1 39. c4 Bb2 40. Ke4 a5 41. Kf5
a4 42. Kg6 Bd4 43. Kxh5 Kd7 44. Kg6 Ke6 45. h5 Bb2 46. Bf4 Bc3 47. g4 Ba5 48. g5
Bc3 49. h6 gxh6 50. gxh6 Bh8 51. Kh7 Bd4 52. Kg8 Kf5 53. d7  1-0

[Event "1. OEsterreichische Internet Schach Meisterschaft - Vorrunde 2"]
[Site "Online - Playchess.com"]
[Date ""]
[Round "3"]
[Board "26"]
[White "Ofner, Maximilian"]
[Black "Lichtl, Erich"]
[Result "1/2-1/2"]
[WhiteElo "2177"]
[BlackElo "2096"]
[PlyCount "102"]
[EventDate "2020.04.13"]
[EventRounds "9"]
[EventCountry "AUT"]

1. e4 c6 2. d4 d5 3. Nc3 dxe4 4. Nxe4 Nf6 5. Nxf6+ exf6 6. Nf3 Bd6 7. c3 O-O 8. Bd3
Bg4 9. Be3 Qc7 10. h3 Bh5 11. Qc2 Bg6 12. O-O-O Nd7 13. h4 b5 14. Bxg6 fxg6 15. h5
gxh5 16. Rxh5 Bf4 17. Qxh7+ Kf7 18. Qf5 Bxe3+ 19. fxe3 Rae8 20. Ne5+ Nxe5 21. dxe5
Qxe5 22. Rd7+ Re7 23. Qxe5 fxe5 24. Rxe7+ Kxe7 25. Rxe5+ Kd6 26. Rg5 Rf7 27. Kc2
a5 28. Kd3 Rf2 29. b3 Rxa2 30. Rxg7 a4 31. bxa4 bxa4 32. Ra7 Rxg2 33. Rxa4 Kd5 34.
c4+ Ke5 35. Ra5+ Kd6 36. Kd4 Rd2+ 37. Ke4 Rc2 38. Kd3 Rc1 39. Rh5 Rd1+ 40. Ke4 Rc1
41. Kd4 Rd1+ 42. Kc3 Rc1+ 43. Kd3 Rd1+ 44. Kc2 Re1 45. c5+ Ke6 46. Kd3 Rd1+ 47. Ke4
Rc1 48. Rh6+ Kd7 49. Kd4 Rd1+ 50. Ke5 Rd5+ 51. Ke4 Rxc5  1/2-1/2

[Event "1. OEsterreichische Internet Schach Meisterschaft - Vorrunde 2"]
[Site "Online - Playchess.com"]
[Date ""]
[Round "3"]
[Board "27"]
[White "Pirker, Christian"]
[Black "Griessnig, Thomas"]
[Result "1-0"]
[WhiteElo "2167"]
[BlackElo "1895"]
[PlyCount "37"]
[EventDate "2020.04.13"]
[EventRounds "9"]
[EventCountry "AUT"]

1. e4 e6 2. d3 b6 3. g3 Bb7 4. Bg2 g6 5. Nc3 Bg7 6. Nge2 Ne7 7. O-O O-O 8. f4 d6
9. Be3 Nd7 10. Qd2 a6 11. Rae1 f5 12. Nd4 Bxd4 13. Bxd4 e5 14. fxe5 dxe5 15. Be3
Nf6 16. Bh6 Rf7 17. exf5 Nxf5 18. Bxb7 Nxh6 19. Bxa8  1-0

[Event "1. OEsterreichische Internet Schach Meisterschaft - Vorrunde 2"]
[Site "Online - Playchess.com"]
[Date ""]
[Round "3"]
[Board "28"]
[White "Moritz, Christian"]
[Black "Hatzl, Johannes"]
[Result "1-0"]
[WhiteElo "2077"]
[BlackElo "2131"]
[PlyCount "167"]
[EventDate "2020.04.13"]
[EventRounds "9"]
[EventCountry "AUT"]

1. d4 d5 2. Bf4 c5 3. e3 Nc6 4. c3 Nf6 5. Nd2 e6 6. Bd3 Bd6 7. Bg3 b6 8. Ngf3 O-O
9. Ne5 Bb7 10. f4 c4 11. Bc2 b5 12. Bh4 Be7 13. a3 a5 14. O-O Nd7 15. Bxe7 Qxe7 16.
Qh5 f5 17. g4 g6 18. Nxg6 hxg6 19. Qxg6+ Qg7 20. Qxe6+ Qf7 21. Bxf5 Rad8 22. Qh6
Nf6 23. Rf3 Rde8 24. Rh3 Qg7 25. Qxg7+ Kxg7 26. g5 Rh8 27. Rxh8 Rxh8 28. gxf6+ Kxf6
29. Bg4 Rg8 30. h3 Bc8 31. Kf2 Bxg4 32. hxg4 Rxg4 33. Rg1 Rh4 34. Nf3 Rh8 35. Kg3
b4 36. axb4 axb4 37. Ra1 Rg8+ 38. Ng5 Kf5 39. Ra6 bxc3 40. bxc3 Ne7 41. Re6 Ng6 42.
Rd6 Ne7 43. Kf3 Ra8 44. Nh7 Ng8 45. Rxd5+ Kg6 46. Ng5 Ra3 47. Kg4 Rxc3 48. f5+ Kf6
49. Rd6+ Ke7 50. Re6+ Kf8 51. e4 Rd3 52. d5 c3 53. Rc6 Ne7 54. Rc7 Rd4 55. Kf3 Nxf5
56. exf5 Rxd5 57. Ke4 Rd1 58. Rxc3 Re1+ 59. Re3 Ra1 60. Ne6+ Kf7 61. Ke5 Ra5+ 62.
Kf4 Kf6 63. Nd4 Ra4 64. Re6+ Kf7 65. Ke4 Rb4 66. Rd6 Ra4 67. Ke5 Ra5+ 68. Rd5 Ra1
69. Rd7+ Ke8 70. Kd6 Rd1 71. Re7+ Kf8 72. Re4 Kf7 73. Ke5 Ra1 74. Rh4 Ra5+ 75. Kf4
Ra4 76. Ke4 Kf6 77. Rh6+ Kf7 78. Rd6 Rb4 79. Ke5 Ra4 80. Rd7+ Ke8 81. Rb7 Kf8 82.
Kf6 Ke8 83. Ne6 Ra1 84. Re7#  1-0

[Event "1. OEsterreichische Internet Schach Meisterschaft - Vorrunde 2"]
[Site "Online - Playchess.com"]
[Date ""]
[Round "3"]
[Board "29"]
[White "Kuecher, Wolfgang"]
[Black "Wimmer, Kevin"]
[Result "1-0"]
[WhiteElo "2117"]
[BlackElo "1944"]
[PlyCount "47"]
[EventDate "2020.04.13"]
[EventRounds "9"]
[EventCountry "AUT"]

1. g3 d5 2. Bg2 Nf6 3. c4 e6 4. Nf3 Be7 5. O-O O-O 6. b3 c5 7. Bb2 Nc6 8. d3 d4 9.
a3 Qc7 10. b4 b6 11. b5 Nd8 12. Nxd4 Bb7 13. Nf3 a6 14. a4 axb5 15. axb5 Rxa1 16.
Bxa1 Ba8 17. Nbd2 Nb7 18. Qc2 Nd6 19. Bc3 Bb7 20. Ra1 Ra8 21. Rxa8+ Bxa8 22. Qa2
Qb8 23. Ne5 Nc8 24. Qxa8  1-0

[Event "1. OEsterreichische Internet Schach Meisterschaft - Vorrunde 2"]
[Site "Online - Playchess.com"]
[Date ""]
[Round "3"]
[Board "30"]
[White "Schneider-Zinner, Harald"]
[Black "Horvath, Maria"]
[Result "1-0"]
[WhiteElo "2381"]
[BlackElo "1995"]
[PlyCount "95"]
[EventDate "2020.04.13"]
[EventRounds "9"]
[EventCountry "AUT"]

1. d4 d5 2. Nf3 c6 3. c4 e6 4. Nbd2 f5 5. b3 Nf6 6. Bb2 Bd6 7. Ne5 O-O 8. Ndf3 Nbd7
9. e3 Ne4 10. Bd3 Ndf6 11. O-O Bd7 12. Qc2 Be8 13. Ne1 Bh5 14. f3 Ng5 15. cxd5 cxd5
16. Rc1 Qe7 17. Qf2 Rac8 18. Qh4 h6 19. e4 dxe4 20. fxe4 fxe4 21. Bc4 a6 22. a4 e3
23. Nc2 e2 24. Rfe1 Rb8 25. Bxe2 Bxe2 26. Rxe2 b5 27. Ng6 Qa7 28. Nxf8 Rxf8 29. axb5
axb5 30. Ne3 Qa2 31. Ng4 Qxb3 32. Nxf6+ Rxf6 33. d5 exd5 34. Bxf6 gxf6 35. Qh5 Kg7
36. Qg4 Be5 37. h4 Qa3 38. Rce1 Qc5+ 39. Kh1 Kf7 40. hxg5 hxg5 41. Rxe5 fxe5 42.
Qf5+ Kg7 43. Qxe5+ Kg6 44. Qe6+ Kh5 45. Qh3+ Kg6 46. Re6+ Kf7 47. Qf5+ Kg7 48. Qg6+
 1-0

[Event "1. OEsterreichische Internet Schach Meisterschaft - Vorrunde 2"]
[Site "Online - Playchess.com"]
[Date ""]
[Round "3"]
[Board "31"]
[White "Leisch, Lukas"]
[Black "Filek, Mattias"]
[Result "1-0"]
[WhiteElo "2362"]
[BlackElo "1932"]
[PlyCount "61"]
[EventDate "2020.04.13"]
[EventRounds "9"]
[EventCountry "AUT"]

1. c4 Nf6 2. Nc3 c6 3. Nf3 d5 4. e3 e6 5. b3 Nbd7 6. Qc2 Bd6 7. Bb2 O-O 8. Be2 Qc7
9. d4 Re8 10. O-O e5 11. dxe5 Nxe5 12. h3 g6 13. cxd5 cxd5 14. Rac1 Qe7 15. Nb5 Bb8
16. Nxe5 Bxe5 17. Bxe5 Qxe5 18. Nc7 Bf5 19. Qd1 Ne4 20. Nxa8 Rxa8 21. Qd4 Qe6 22.
Rfd1 Rd8 23. g4 Bxg4 24. Bxg4 f5 25. Bf3 Qe7 26. Bxe4 fxe4 27. Kf1 Qh4 28. Rc7 Qxh3+
29. Ke1 Qh1+ 30. Kd2 Qh6 31. Rh1  1-0

[Event "1. OEsterreichische Internet Schach Meisterschaft - Vorrunde 2"]
[Site "Online - Playchess.com"]
[Date ""]
[Round "3"]
[Board "32"]
[White "Buchegger, Fridolin"]
[Black "Schroll, Gerhard"]
[Result "0-1"]
[WhiteElo "1827"]
[BlackElo "2321"]
[PlyCount "106"]
[EventDate "2020.04.13"]
[EventRounds "9"]
[EventCountry "AUT"]

1. e4 Nf6 2. e5 Nd5 3. d4 d6 4. Nf3 dxe5 5. dxe5 Nc6 6. Bc4 Nb6 7. Qxd8+ Nxd8 8.
Bb3 a5 9. a4 Be6 10. Bxe6 Nxe6 11. Be3 Nd5 12. Ke2 Nef4+ 13. Bxf4 Nxf4+ 14. Ke3 Nd5+
15. Ke2 e6 16. g3 Be7 17. Nbd2 O-O-O 18. Nc4 b6 19. Rhd1 f5 20. exf6 gxf6 21. Ne3
Nxe3 22. Kxe3 Bc5+ 23. Ke2 Rd6 24. Rxd6 cxd6 25. c3 d5 26. Ne1 Kd7 27. Nd3 Bd6 28.
b4 Rc8 29. Kd2 e5 30. bxa5 bxa5 31. Rb1 Rc4 32. Nb2 Rc7 33. Kd3 Ke6 34. Nd1 e4+ 35.
Kd2 Rc4 36. Nb2 Rc8 37. Ra1 Be5 38. Nd1 Rb8 39. h4 d4 40. Kc2 d3+ 41. Kd2 f5 42.
Ra2 Bd6 43. Rb2 Rxb2+ 44. Nxb2 Kd5 45. h5 Bc5 46. Nd1 Kc4 47. h6 Kb3 48. f3 Kxa4
49. fxe4 fxe4 50. c4 Kb3 51. Nc3 Bb4 52. c5 Bxc3+ 53. Ke3 d2  0-1

[Event "1. OEsterreichische Internet Schach Meisterschaft - Vorrunde 2"]
[Site "Online - Playchess.com"]
[Date ""]
[Round "3"]
[Board "33"]
[White "Frank, Emanuel"]
[Black "Fugger, Christian"]
[Result "1-0"]
[WhiteElo "2271"]
[BlackElo "1818"]
[PlyCount "69"]
[EventDate "2020.04.13"]
[EventRounds "9"]
[EventCountry "AUT"]

1. d4 d5 2. c4 e6 3. Nf3 Nf6 4. g3 c6 5. Nbd2 Bd6 6. Bg2 O-O 7. O-O Nbd7 8. Qc2 e5
9. cxd5 Nxd5 10. Nc4 Qc7 11. dxe5 Nxe5 12. Nxd6 Qxd6 13. Ng5 Ng6 14. Bd2 h6 15. Ne4
Qe7 16. Nc3 Nxc3 17. Bxc3 Re8 18. e3 Be6 19. e4 Rad8 20. f4 Bc4 21. Rfe1 Bd3 22.
Qf2 Qc7 23. Rad1 c5 24. e5 Bc4 25. a3 b6 26. Kh1 Rxd1 27. Rxd1 Rd8 28. Qe1 Rxd1 29.
Qxd1 Ne7 30. Qd6 Qxd6 31. exd6 Ng6 32. d7 Nf8 33. d8=Q Kh7 34. Qxf8 f5 35. Qxg7#
 1-0

[Event "1. OEsterreichische Internet Schach Meisterschaft - Vorrunde 2"]
[Site "Online - Playchess.com"]
[Date ""]
[Round "3"]
[Board "34"]
[White "Steiner, Adam"]
[Black "Pilshofer, Paul"]
[Result "1-0"]
[WhiteElo "2251"]
[BlackElo "1715"]
[PlyCount "119"]
[EventDate "2020.04.13"]
[EventRounds "9"]
[EventCountry "AUT"]

1. d4 d5 2. Bf4 Nf6 3. e3 g6 4. Nc3 Bg7 5. h4 h5 6. Nf3 O-O 7. Ne5 Nbd7 8. Be2 Nxe5
9. dxe5 Ng4 10. Qxd5 Be6 11. Qxd8 Raxd8 12. Bxg4 Bxg4 13. f3 Be6 14. Rd1 c6 15. b3
f6 16. exf6 Bxf6 17. Ne4 Rxd1+ 18. Kxd1 Bg7 19. Ke2 Bf5 20. Nc5 e5 21. Bg5 b6 22.
Nd3 e4 23. Nf4 Bf6 24. Bxf6 Rxf6 25. c4 Kf7 26. Rd1 Ke7 27. Rd4 exf3+ 28. gxf3 Bb1
29. Rd2 a5 30. Kf2 Rd6 31. Ke2 Rxd2+ 32. Kxd2 Bxa2 33. Kc3 Bb1 34. e4 Kf6 35. Ng2
b5 36. Ne1 a4 37. Kb2 Bxe4 38. fxe4 Ke5 39. cxb5 cxb5 40. b4 Kxe4 41. Kc3 Kf4 42.
Nc2 Kg4 43. Na3 Kxh4 44. Nxb5 g5 45. Nd4 g4 46. b5 g3 47. b6 g2 48. Ne2 a3 49. Kb3
Kh3 50. b7 Kg4 51. b8=Q Kf3 52. Ng1+ Kf2 53. Qh2 h4 54. Kxa3 Kf1 55. Kb3 h3 56. Nxh3
Ke2 57. Qxg2+ Kd1 58. Kc3 Ke1 59. Kd3 Kd1 60. Qd2#  1-0

[Event "1. OEsterreichische Internet Schach Meisterschaft - Vorrunde 2"]
[Site "Online - Playchess.com"]
[Date ""]
[Round "3"]
[Board "35"]
[White "Fuchs, Georg"]
[Black "Kranz, Armin"]
[Result "1-0"]
[WhiteElo "2234"]
[BlackElo "2119"]
[PlyCount "55"]
[EventDate "2020.04.13"]
[EventRounds "9"]
[EventCountry "AUT"]

1. e4 e5 2. Nf3 Nc6 3. d4 exd4 4. Bc4 Nf6 5. O-O Nxe4 6. Re1 d5 7. Bxd5 Qxd5 8. Nc3
Qh5 9. Nxe4 Be6 10. Bg5 Bd6 11. Nxd6+ cxd6 12. Bf4 Kd7 13. Nxd4 Qxd1 14. Raxd1 Rad8
15. Nxe6 fxe6 16. Rxd6+ Kc8 17. Rdxe6 h6 18. h4 Rhf8 19. Be3 Rf7 20. g4 Rfd7 21.
g5 h5 22. f4 Nd4 23. Kf2 Nxc2 24. Rc1 Rc7 25. Bxa7 Rd2+ 26. Re2 Rxe2+ 27. Kxe2 Nd4+
28. Kd1  1-0

[Event "1. OEsterreichische Internet Schach Meisterschaft - Vorrunde 2"]
[Site "Online - Playchess.com"]
[Date ""]
[Round "3"]
[Board "36"]
[White "Meier, Alexander"]
[Black "Soelkner, Julian"]
[Result "1-0"]
[WhiteElo "2226"]
[BlackElo "1484"]
[PlyCount "37"]
[EventDate "2020.04.13"]
[EventRounds "9"]
[EventCountry "AUT"]

1. e4 e6 2. d4 d5 3. Nc3 dxe4 4. Nxe4 Nf6 5. Ng3 Bd6 6. Nf3 O-O 7. Bd3 b6 8. c3 Bb7
9. Bg5 Nbd7 10. O-O h6 11. Bd2 Qe7 12. Re1 c5 13. Ne5 cxd4 14. cxd4 Rac8 15. Nc4
Bb8 16. Nf5 Qe8 17. Ncd6 Qd8 18. Nxc8 Qxc8 19. Ne7+  1-0

[Event "1. OEsterreichische Internet Schach Meisterschaft - Vorrunde 2"]
[Site "Online - Playchess.com"]
[Date ""]
[Round "3"]
[Board "38"]
[White "Tischler, Michel"]
[Black "Schumi, Manfred"]
[Result "1-0"]
[WhiteElo "1517"]
[BlackElo "2202"]
[PlyCount "83"]
[EventDate "2020.04.13"]
[EventRounds "9"]
[EventCountry "AUT"]

1. d4 Nf6 2. c4 g6 3. Nc3 Bg7 4. e4 d6 5. Nf3 O-O 6. Be2 e5 7. dxe5 dxe5 8. Qxd8
Rxd8 9. Bg5 Re8 10. O-O-O Na6 11. Nd5 Nxd5 12. cxd5 Nc5 13. Nd2 f5 14. f3 Bd7 15.
Be3 b6 16. Bc4 Kh8 17. Rhe1 Nb7 18. Bf2 Nd6 19. Bb3 a5 20. Bc2 Bf6 21. h4 Kg7 22.
Re2 a4 23. a3 Bb5 24. Ree1 Kf7 25. Nb1 Bg7 26. Nc3 Bh6+ 27. Be3 Bxe3+ 28. Rxe3 Bd7
29. Rde1 Kf6 30. exf5 gxf5 31. R3e2 Re7 32. Rh1 Nc4 33. Rhe1 Rae8 34. Bd3 Nd6 35.
Bc2 Ra8 36. Rg1 b5 37. Rge1 Rg8 38. f4 e4 39. Rg1 Be8 40. g4 fxg4 41. Nxe4+ Nxe4
42. Rxe4  1-0

[Event "1. OEsterreichische Internet Schach Meisterschaft - Vorrunde 2"]
[Site "Online - Playchess.com"]
[Date ""]
[Round "3"]
[Board "39"]
[White "Polterauer, Chiara"]
[Black "Raeke, Philipp"]
[Result "1-0"]
[WhiteElo "2178"]
[BlackElo "1880"]
[PlyCount "103"]
[EventDate "2020.04.13"]
[EventRounds "9"]
[EventCountry "AUT"]

1. e4 e6 2. d4 d5 3. Nd2 dxe4 4. Nxe4 Bd7 5. Bd3 Bc6 6. Nf3 Nd7 7. O-O Ngf6 8. Qe2
Qe7 9. c4 Rg8 10. a3 Nxe4 11. Bxe4 Bxe4 12. Qxe4 c6 13. b4 f5 14. Qe2 h6 15. Re1
Kf7 16. Ne5+ Nxe5 17. Qxe5 g5 18. Bb2 Bg7 19. Qe2 Rad8 20. Qh5+ Kf8 21. Qg6 Qf6 22.
Qh5 g4 23. Re2 Rd6 24. Rae1 Ke7 25. c5 Rd5 26. Rxe6+ Qxe6 27. Rxe6+ Kxe6 28. Qg6+
Ke7 29. Kf1 a6 30. h3 gxh3 31. gxh3 f4 32. Qe4+ Kd7 33. Qxf4 Rf8 34. Qg4+ Rdf5 35.
Qxg7+ R8f7 36. Qg4 Ke7 37. Qe4+ Kf8 38. Qe3 Rf3 39. Qxh6+ Ke7 40. Qg5+ Ke6 41. Qe5+
Kd7 42. Qe2 Kd8 43. Kg2 R3f6 44. Kf1 Re7 45. Qh5 Rfe6 46. d5 Re1+ 47. Kg2 cxd5 48.
Qxd5+ Kc7 49. Qd6+ Kc8 50. Bf6 R1e6 51. Bxe7 Rxd6 52. Bxd6  1-0

[Event "1. OEsterreichische Internet Schach Meisterschaft - Vorrunde 2"]
[Site "Online - Playchess.com"]
[Date ""]
[Round "3"]
[Board "40"]
[White "Wagner, Leopold Franziskus"]
[Black "Huber, Guenther"]
[Result "1-0"]
[WhiteElo "2168"]
[BlackElo "1979"]
[PlyCount "95"]
[EventDate "2020.04.13"]
[EventRounds "9"]
[EventCountry "AUT"]

1. e4 e6 2. d4 b6 3. Bd3 Bb7 4. Qe2 c5 5. c3 cxd4 6. cxd4 Nc6 7. Nf3 Nb4 8. O-O Nxd3
9. Qxd3 a5 10. Re1 Nf6 11. d5 Ba6 12. Qb3 Bc5 13. Bg5 h6 14. Bh4 g5 15. Bg3 O-O 16.
Nc3 Nh5 17. e5 Nxg3 18. hxg3 b5 19. Ne4 Ba7 20. Nf6+ Kg7 21. Qd3 Rh8 22. d6 Qb6 23.
Qd2 Rhd8 24. Nh2 Qd4 25. Qe2 Bb7 26. Nf3 Qc4 27. Qd2 Qc5 28. Nxg5 Qxf2+ 29. Qxf2
Bxf2+ 30. Kxf2 hxg5 31. Rac1 Rac8 32. Rxc8 Bxc8 33. Rc1 Bb7 34. Rc7 Bc6 35. Ra7 a4
36. a3 Kg6 37. g4 Kg7 38. Ke3 Kg6 39. Kd4 Bxg2 40. Rxd7 Rxd7 41. Nxd7 Bc6 42. Nf6
Kg7 43. d7 Bxd7 44. Nxd7 Kg6 45. Nf6 Kg7 46. Kc5 Kf8 47. Kxb5 Ke7 48. Kxa4  1-0

[Event "1. OEsterreichische Internet Schach Meisterschaft - Vorrunde 2"]
[Site "Online - Playchess.com"]
[Date ""]
[Round "3"]
[Board "41"]
[White "Doskocil, Klaus"]
[Black "Steirer, Gerhard"]
[Result "1-0"]
[WhiteElo "2157"]
[BlackElo "1854"]
[PlyCount "87"]
[EventDate "2020.04.13"]
[EventRounds "9"]
[EventCountry "AUT"]

1. e4 c5 2. Nc3 e6 3. g3 Nc6 4. Bg2 b6 5. d3 Bb7 6. f4 g6 7. Nf3 Bg7 8. O-O Nge7
9. Be3 O-O 10. Qd2 d5 11. exd5 exd5 12. Nd1 Nf5 13. Bf2 Re8 14. c3 Ba6 15. Ne3 Nxe3
16. Bxe3 d4 17. cxd4 Nxd4 18. Nxd4 cxd4 19. Bf2 Rc8 20. Rfe1 Qd7 21. Rac1 Bb7 22.
Rxc8 Rxc8 23. Qe2 Bxg2 24. Kxg2 Qc6+ 25. Qf3 Kf8 26. Re2 h5 27. h3 a5 28. a3 b5 29.
b4 a4 30. g4 Qxf3+ 31. Kxf3 Rc3 32. Ke4 Rxa3 33. Rc2 Rc3 34. Rb2 Rb3 35. Rc2 Rxb4
36. Rc8+ Ke7 37. Rc7+ Ke8 38. Ra7 Rb2 39. Bh4 hxg4 40. hxg4 Re2+ 41. Kd5 Rc2 42.
Re7+ Kf8 43. Rb7 a3 44. Rb8+  1-0

[Event "1. OEsterreichische Internet Schach Meisterschaft - Vorrunde 2"]
[Site "Online - Playchess.com"]
[Date ""]
[Round "3"]
[Board "42"]
[White "Nolz, Tom"]
[Black "Auinger, Marcel"]
[Result "1-0"]
[WhiteElo "2157"]
[BlackElo "1808"]
[PlyCount "175"]
[EventDate "2020.04.13"]
[EventRounds "9"]
[EventCountry "AUT"]

1. d4 Nf6 2. g3 e6 3. Nf3 d5 4. c4 c5 5. Bg2 dxc4 6. O-O Nc6 7. Qa4 cxd4 8. Nxd4
Qxd4 9. Bxc6+ Bd7 10. Bxd7+ Nxd7 11. Rd1 b5 12. Rxd4 bxa4 13. Rxc4 Nb6 14. Rc7 Bd6
15. Rb7 O-O 16. Nc3 Rfb8 17. Rxb8+ Rxb8 18. Be3 Rc8 19. Nb5 Bb8 20. Rd1 h6 21. Kg2
a6 22. Nc3 Be5 23. Bxb6 Bxc3 24. bxc3 Rxc3 25. Rd4 Ra3 26. Rd2 Rc3 27. Bd4 Rc4 28.
h4 g6 29. Bf6 Rc8 30. Rd4 Kf8 31. Rxa4 Ra8 32. e4 Ke8 33. e5 Kd7 34. Rd4+ Kc6 35.
Rd6+ Kc7 36. a4 a5 37. g4 Rb8 38. Ra6 Rb4 39. Rxa5 Rxg4+ 40. Kf3 Rb4 41. Ra7+ Kb6
42. Rxf7 Rxa4 43. Re7 Kc5 44. Rxe6 Kd5 45. Rd6+ Kc5 46. Rd8 Ra3+ 47. Kg2 Ra6 48.
Rg8 Kd5 49. Rxg6 h5 50. Rh6 Ke6 51. Rxh5 Ra7 52. Rh8 Ra6 53. Kg3 Kf5 54. Rh5+ Kg6
55. Rg5+ Kf7 56. f4 Ra3+ 57. Kg4 Ra1 58. Rg7+ Ke6 59. Re7+ Kd5 60. h5 Ke4 61. h6
Rg1+ 62. Kh5 Kf5 63. Bh4 Rg8 64. h7 Rh8 65. Bf6 Rxh7+ 66. Rxh7 Kxf4 67. e6 Kf5 68.
e7 Kf4 69. e8=Q Kg3 70. Qe3+ Kh2 71. Kg4+ Kg2 72. Kf5 Kf1 73. Ke6 Kg2 74. Kd5 Kf1
75. Kc4 Kg2 76. Kd3 Kf1 77. Kc2 Kg2 78. Kb3 Kf1 79. Ka4 Kg2 80. Kb5 Kf1 81. Ka6 Kg2
82. Kb7 Kf1 83. Ka8 Kg2 84. Rg7+ Kh2 85. Kb7 Kh1 86. Kc6 Kh2 87. Kd5 Kh1 88. Qh6#
 1-0

[Event "1. OEsterreichische Internet Schach Meisterschaft - Vorrunde 2"]
[Site "Online - Playchess.com"]
[Date ""]
[Round "3"]
[Board "43"]
[White "Trippold, Denise"]
[Black "Wimmer, Norbert"]
[Result "1-0"]
[WhiteElo "2150"]
[BlackElo "1973"]
[PlyCount "37"]
[EventDate "2020.04.13"]
[EventRounds "9"]
[EventCountry "AUT"]

1. d4 Nf6 2. c4 e6 3. Nf3 Bb4+ 4. Nbd2 b6 5. a3 Bxd2+ 6. Qxd2 Bb7 7. g3 Ne4 8. Qc2
f5 9. Bg2 O-O 10. O-O d6 11. Nd2 d5 12. Nxe4 dxe4 13. Qc3 Nd7 14. b4 Qf6 15. Bb2
Qg6 16. f3 f4 17. fxe4 fxg3 18. Qxg3 Bxe4 19. Qxg6  1-0

[Event "1. OEsterreichische Internet Schach Meisterschaft - Vorrunde 2"]
[Site "Online - Playchess.com"]
[Date ""]
[Round "3"]
[Board "44"]
[White "Flir, Emilio"]
[Black "Bachler, Reinhard"]
[Result "1/2-1/2"]
[WhiteElo "1843"]
[BlackElo "2143"]
[PlyCount "146"]
[EventDate "2020.04.13"]
[EventRounds "9"]
[EventCountry "AUT"]

1. d4 e5 2. dxe5 Nc6 3. Nf3 Qe7 4. Bf4 Qb4+ 5. Bd2 Qxb2 6. Nc3 Qb6 7. Nd5 Qc5 8.
Nxc7+ Kd8 9. Nxa8 b6 10. e3 Bb7 11. Nxb6 axb6 12. Bd3 Nxe5 13. Be2 Nc4 14. O-O Nxd2
15. Qxd2 Nf6 16. Rfd1 Bc6 17. Nd4 Ne4 18. Nxc6+ Qxc6 19. Qd5 Qxd5 20. Rxd5 Nc3 21.
Rd2 Bc5 22. Bf3 Kc7 23. Rd3 Na4 24. Rad1 d6 25. h3 Nb2 26. Bd5 Nxd1 27. Rxd1 f6 28.
Bb3 Re8 29. Kf1 Re7 30. Bd5 b5 31. Rb1 Re5 32. Bg8 b4 33. Bxh7 g5 34. Bg8 Re8 35.
Bb3 Ra8 36. Rd1 Rh8 37. Ke2 Kc6 38. Kf3 Kd7 39. Kg4 Ke7 40. g3 Rc8 41. h4 gxh4 42.
gxh4 Rh8 43. h5 Rh6 44. Rh1 Kd7 45. Kf5 Kc6 46. Bf7 d5 47. Rg1 d4 48. exd4 Bxd4 49.
Bg6 Kc5 50. Rd1 Kc4 51. Ke4 Bxf2 52. Rd7 Bh4 53. Rh7 Bg5 54. Rxh6 Bxh6 55. Kf5 Bg5
56. Ke6 Kc3 57. Kd5 Kb2 58. Kc4 Bd2 59. Kb5 Kxa2 60. Ka4 Kb2 61. Kb5 Kc3 62. Kc5
Bg5 63. Kd5 Kd2 64. Kc4 Ke3 65. Kxb4 Kd4 66. c4 Ke5 67. Kb5 f5 68. Bxf5 Kxf5 69.
c5 Bf4 70. c6 Kg5 71. h6 Kxh6 72. Kb6 Kg7 73. c7 Bxc7+  1/2-1/2

[Event "1. OEsterreichische Internet Schach Meisterschaft - Vorrunde 2"]
[Site "Online - Playchess.com"]
[Date ""]
[Round "3"]
[Board "45"]
[White "Haas, Gerald"]
[Black "Haas, Michael"]
[Result "0-1"]
[WhiteElo "1906"]
[BlackElo "2141"]
[PlyCount "76"]
[EventDate "2020.04.13"]
[EventRounds "9"]
[EventCountry "AUT"]

1. c4 c6 2. Nc3 Nf6 3. d4 d5 4. cxd5 cxd5 5. e3 e6 6. Bd3 Be7 7. Nf3 O-O 8. O-O Nc6
9. a3 a6 10. b4 b5 11. Bb2 Bb7 12. Rc1 Rc8 13. Bb1 Re8 14. Qd3 g6 15. Nd2 Bf8 16.
f4 Bg7 17. h3 Nd7 18. Nf3 Nb6 19. Ne2 Nc4 20. Ba1 Ne7 21. Ng3 Nf5 22. Nxf5 exf5 23.
Ne5 f6 24. Nxc4 bxc4 25. Qe2 Rc6 26. Qf2 Rce6 27. Rfe1 Qe7 28. Rc3 Qd6 29. g4 fxg4
30. hxg4 R6e7 31. Qh2 Bc8 32. Qh4 Qd7 33. f5 g5 34. Qg3 Bb7 35. Rc2 Qa4 36. Bb2 Qb3
37. Rce2 c3 38. Bc1 Qxb1  0-1

[Event "1. OEsterreichische Internet Schach Meisterschaft - Vorrunde 2"]
[Site "Online - Playchess.com"]
[Date ""]
[Round "3"]
[Board "46"]
[White "Guetz, Wolfgang"]
[Black "Strodl, Joachim"]
[Result "1-0"]
[WhiteElo "2078"]
[BlackElo "2137"]
[PlyCount "145"]
[EventDate "2020.04.13"]
[EventRounds "9"]
[EventCountry "AUT"]

1. e4 c5 2. Nf3 g6 3. d4 cxd4 4. Nxd4 Nc6 5. Be3 Bg7 6. Nc3 Nf6 7. Be2 O-O 8. O-O
d5 9. Nxc6 bxc6 10. exd5 cxd5 11. Bf3 e6 12. Qd2 Ba6 13. Rfe1 Nd7 14. Bh6 Rb8 15.
Bxg7 Kxg7 16. Qd4+ Kg8 17. Qxa7 Qc8 18. Qd4 Qc7 19. Rab1 Rfc8 20. Rec1 Qa5 21. Be2
Bxe2 22. Nxe2 Qxa2 23. Nc3 Qa6 24. Ra1 Qc6 25. Ne2 e5 26. Qc3 Qxc3 27. Nxc3 Rxb2
28. Nxd5 Rcxc2 29. Rxc2 Rxc2 30. Kf1 Nc5 31. Ra8+ Kg7 32. Rc8 Rc1+ 33. Ke2 Nb3 34.
Rxc1 Nxc1+ 35. Kf3 Nb3 36. Ne3 Nd2+ 37. Ke2 Ne4 38. f3 Nd6 39. Ng4 f6 40. Kd3 h5
41. Ne3 Kf7 42. Nd5 Ke6 43. Ne3 Nf5 44. Nc4 Nh4 45. g3 Nxf3 46. h3 Ng5 47. h4 Nf7
48. Ne3 Nd6 49. Ke2 Nf5 50. Nf1 Kd5 51. Kf3 Nd4+ 52. Ke3 f5 53. Nd2 Nc2+ 54. Kf3
Nb4 55. Nf1 e4+ 56. Kf4 Nd3+ 57. Kg5 Ke5 58. Kxg6 Nc1 59. Kxh5 Ne2 60. Kg5 Nxg3 61.
Nxg3 f4 62. Nf1 e3 63. Kg4 e2 64. Nh2 Ke4 65. Nf3 e1=Q 66. Nxe1 Ke5 67. Nf3+ Kf6
68. Kxf4 Kg6 69. Kg4 Kh6 70. h5 Kg7 71. Kg5 Kh7 72. Ne5 Kg7 73. Ng4  1-0